Sciences for paece and progress (Record no. 570653)

000 -LEADER
fixed length control field 00375nam a22001577a 4500
003 - CONTROL NUMBER IDENTIFIER
control field CEME
005 - DATE AND TIME OF LATEST TRANSACTION
control field 20210628202705.0
008 - FIXED-LENGTH DATA ELEMENTS--GENERAL INFORMATION
fixed length control field 210115b xxu||||| |||| 00| 0 eng d
040 ## - CATALOGING SOURCE
Transcribing agency ceme
082 ## - DEWEY DECIMAL CLASSIFICATION NUMBER
Classification number 925.3 SCI
100 ## - MAIN ENTRY--PERSONAL NAME
Personal name Anwar Dil
9 (RLIN) 360
245 ## - TITLE STATEMENT
Title Sciences for paece and progress
260 ## - PUBLICATION, DISTRIBUTION, ETC.
Name of publisher, distributor, etc. INTERCULTURAL FOU
Date of publication, distribution, etc. 2008
650 ## - SUBJECT ADDED ENTRY--TOPICAL TERM
Topical term or geographic name entry element FAIZA
9 (RLIN) 61097
942 ## - ADDED ENTRY ELEMENTS (KOHA)
Koha item type Book
Source of classification or shelving scheme
Holdings
Withdrawn status Lost status Damaged status Not for loan Permanent Location Current Location Shelving location Date acquired Total Checkouts Full call number Barcode Date last seen Price effective from Koha item type
        College of Electrical & Mechanical Engineering (CEME) College of Electrical & Mechanical Engineering (CEME) General Stacks 03/20/2017   925.3 SCI CEME-44584 06/28/2021 06/28/2021 Book
        College of Electrical & Mechanical Engineering (CEME) College of Electrical & Mechanical Engineering (CEME) General Stacks 03/20/2017   925.3 SCI CEME-44585 06/28/2021 06/28/2021 Book
© 2023 Central Library, National University of Sciences and Technology. All Rights Reserved.